| 000 | 06877cam a22009254i 4500 | ||
|---|---|---|---|
| 003 | PE-LiUPU | ||
| 005 | 20250731165607.0 | ||
| 008 | 150706s2010 r 000 0 d | ||
| 020 | _a9786071502919 | ||
| 035 | _a(Sirsi) i9786071502919 | ||
| 035 | _a(Sirsi) i9786071502919 | ||
| 040 |
_aPE-LiUPU _bspa _cPE-LiUPU _erda |
||
| 049 | _aPRUA | ||
| 082 | 0 | 4 |
_a001.42 _bH412010 _221 |
| 082 | 0 | 4 |
_a001.42 _bH43 2010 |
| 100 | 1 |
_aHernández Sampieri, Roberto, _eautor. |
|
| 245 | 1 | 0 |
_aMetodología de la investigación / _cRoberto Hernández Sampieri, Carlos Fernández Collado y María del Pilar Baptista Luio. |
| 250 | _a5a ed. | ||
| 264 | 1 |
_aMéxico, D.F. : _b McGraw-Hill, _c2010. |
|
| 300 |
_a613 páginas : _bilustraciones, tablas, esquemas ; _c27 cm. |
||
| 300 | _a15 CD-ROM | ||
| 336 |
_atext _2rdacontent |
||
| 337 |
_aunmediated _2rdamedia |
||
| 338 |
_avolume _2rdacarrier |
||
| 505 | 0 | _aLos enfoques cuantitativo y cualitativo en la investigación científica -- Definiciones en los enfoques cuantitativo y y cualitativo, sus similitudes y diferencias -- Nacimiento de un proyecto de investigación cuantitativa, cualitativa o mixta: la idea -- Planeamiento del problema cuantitativo -- Desarrollo de la perspectiva teórica: revisión de la literatura y construcción del marco teórico -- Definición del alcance de la investigación a realizar : exploratoria, descriptiva, correlacional o explicativa -- Formulación de hipótesis -- Concepción o elección del diseño de investigación -- Selección de la muestra -- Recolección de los datos cuantitativos -- Análisis de los datos cuantitativos -- El reporte de resultados del proceso cuantitativo -- El proceso de la investigación cualitativa -- El inicio del proceso cualitativo: planteamiento del problema revisión de la literatura, surgimiento de las hipótesis e inmersión en el campo -- Muestreo en la investigación cualitativa -- Recolección y análisis de los datos cualitativos -- Diseño del proceso de investigación cualitativa -- El reporte de resultados del proceso cualitativo -- Los mètodos mixtos. | |
| 526 | _aSEG44 | ||
| 526 | _aSEG26 | ||
| 526 | _aP151 | ||
| 526 | _aP150 | ||
| 526 | _aP149 | ||
| 526 | _aP146 | ||
| 526 | _aP145 | ||
| 526 | _aP126 | ||
| 526 | _aP125 | ||
| 526 | _aP92 | ||
| 526 | _aP75 | ||
| 526 | _aP74 | ||
| 526 | _aP27 | ||
| 526 | _aP15 | ||
| 541 | _g015-0012007; | ||
| 541 | _g015-0012007; | ||
| 541 | _g015-0012007; | ||
| 541 | _g015-0012007; | ||
| 541 | _g015-0012110; | ||
| 541 | _g015-0012181; | ||
| 541 | _g015-0012007; | ||
| 541 | _g015-0012007; | ||
| 541 | _g030-0010717; | ||
| 541 | _g001-0035138; | ||
| 541 | _g001-0035138; | ||
| 541 | _g001-0035138; | ||
| 541 | _g001-0035138; | ||
| 541 | _g001-0035138; | ||
| 541 | _g001-000024; | ||
| 541 | _g001-000026; | ||
| 541 | _g015-0016195; | ||
| 541 | _g001-000125; | ||
| 650 | 0 | 4 |
_aInvestigación _vMetodología. |
| 700 | 1 |
_aFernández Collado, Carlos, _ecoaut |
|
| 700 | 1 | _aBaptista Lucio, María del Pilar . | |
| 910 |
_bjv _cng _d20101006 |
||
| 910 |
_btqv _cwelc _d20160711 |
||
| 942 |
_2ddc _cBOOK |
||
| 949 |
_aPGE 001.42 H41 2010 _wDEWEY _c1 _i62000 _lPOSTGRADO _mBUL _p39.00 _r0 _sY _tBOOK _u2015-7-6 _xPOSGRADO _PP57 _0COMPRA _o.CIRCNOTE. No olvidar cambiar la fecha de devolución!!!!!!! _o.STAFF. Colección General |
||
| 949 |
_aPGE 001.42 H41 2010 _wDEWEY _c2 _i70023 _d2015-8-25 _e2015-8-18 _lCCODEBUL1 _mBUL _n2 _p56.00 _r0 _sY _tBOOK _u2015-7-24 _xFCE _PP08 _0COMPRA _o.CIRCNOTE. No olvidar cambiar la fecha de devolución!!!!!!! _o.STAFF. Colección General |
||
| 949 |
_a001.42 H43 2010 _wDEWEY _c1 _iFJ00768 _lCCODEBUJ1 _mBUJ _p15.80 _r0 _sY _tBOOK _u2016-07-11 _xFCE _PP08 _0COMPRA _o.STAFF. Colección General Juliaca |
||
| 949 |
_a001.42 H43 2010 _wDEWEY _c2 _iFJ00769 _lCCODEBUJ1 _mBUJ _p15.80 _r0 _sY _tBOOK _u2016-07-11 _xFCE _PP08 _0COMPRA _o.STAFF. Colección General Juliaca |
||
| 949 |
_a001.42 H43 2010 _wDEWEY _c3 _iFJ00770 _lCCODEBUJ1 _mBUJ _p15.80 _r0 _sY _tBOOK _u2016-07-11 _xINGENIERIA _PP27 _0COMPRA _o.STAFF. Colección General Juliaca |
||
| 949 |
_a001.42 H43 2010 _wDEWEY _c4 _iFJ00771 _lCCODEBUJ1 _mBUJ _p15.80 _r0 _sY _tBOOK _u2016-07-11 _xINGENIERIA _PP27 _0COMPRA _o.STAFF. Colección General Juliaca |
||
| 994 |
_aC0 _bPEPRU |
||
| 596 | _a1 3 | ||
| 999 |
_aPGE 001.42 H41 2010 _wDEWEY _c51113 _i62000 _d51113 _e2017-9-12 _f2021-11-4 _g5 _lCCODEBUL1 _mBUL _n7 _p39.00 _q5 _r0 _sY _tBOOK _u2015-7-6 _xBIBLIOTECA _PP57 _0COMPRA _o.CIRCNOTE. No olvidar cambiar la fecha de devolución!!!!!!! _o.STAFF. Colección General |
||
| 999 |
_aPGE 001.42 H41 2010 _wDEWEY _c2 _i70023 _d2019-4-28 _e2019-4-12 _f2021-11-4 _g7 _lCCODEBUL1 _mBUL _n23 _p56.00 _q9 _r0 _sY _tBOOK _u2015-7-24 _xBIBLIOTECA _PP08 _0COMPRA _o.CIRCNOTE. No olvidar cambiar la fecha de devolución!!!!!!! _o.STAFF. Colección General |
||
| 999 |
_a001.42 H43 2010 _wDEWEY _c1 _iFJ00768 _d2019-12-9 _e2019-10-17 _f2021-12-27 _g4 _lCCODEBUJ1 _mBUJ _n13 _p15.80 _q32 _r0 _sY _tBOOK _u2016-7-11 _xFCE _PP08 _0COMPRA _o.STAFF. Colección General Juliaca |
||
| 999 |
_a001.42 H43 2010 _wDEWEY _c2 _iFJ00769 _d2019-12-9 _e2019-9-24 _f2021-12-27 _g4 _lCCODEBUJ1 _mBUJ _n15 _p15.80 _q18 _r0 _sY _tBOOK _u2016-7-11 _xFCE _PP08 _0COMPRA _o.STAFF. Colección General Juliaca |
||
| 999 |
_a001.42 H43 2010 _wDEWEY _c3 _iFJ00770 _d2020-2-4 _e2019-9-1 _f2021-12-27 _g4 _lCCODEBUJ1 _mBUJ _n20 _p15.80 _q28 _r0 _sY _tBOOK _u2016-7-11 _xINGENIERIA _PP27 _0COMPRA _o.STAFF. Colección General Juliaca |
||
| 999 |
_a001.42 H43 2010 _wDEWEY _c4 _iFJ00771 _d2019-12-3 _e2019-11-22 _f2021-12-27 _g4 _lCCODEBUJ1 _mBUJ _n14 _p15.80 _q22 _r0 _sY _tBOOK _u2016-7-11 _xINGENIERIA _PP27 _0COMPRA _o.STAFF. Colección General Juliaca |
||
| 980 |
_81 _gALBERTO SANCHEZ Responsable de Automatización |
||